000 01138nam a2200289 i 4500
001 000049167
003 DO-SdBNP
005 20240411202003.0
007 ta
008 190724s2005 dr 000 0 spa d
040 _aDO-SdBNP
_bspa
_cBNPHU
_erda
082 4 _a323
_bR426p6
_222
110 1 _aRepública Dominicana.
_bSecretaría de Estado de Interior y Policía.
_bPlan de Seguridad Democratica.
_bVoluntariado de la Garantía de los Derechos Ciudadanos.
_954546
245 0 0 _aPacto internacional de derechos económicos, sociales y culturales :
_badoptado por la Asamblea General de las Naciones Unidas en 1966.
264 _aSanto Domingo :
_bPlan de Seguridad Democrática,
_c2005
300 _a32 paginas ;
_c15 cm.
336 _2rdacontent
_atexto
_btxt
337 _2rdamedia
_asin mediación
_bn
338 _2rdacarrier
_avolumen
_bnc
490 0 _aDerechos ciudadanos
_v6
500 _aTítulo tomado de la cubierta
590 _aInventariado, 2023/DG
650 0 _aDerechos humanos
_9658
650 4 _950376
_aDerechos humanos (Derecho internacional)
910 _aDG/Validado. Control de calidad MFF
942 _2ddc
_cLF2
999 _c54290
_d54290